Gender & Society / (Record no. 170357)

MARC details
000 -LEADER
fixed length control field 00598nam a22001937a 4500
005 - DATE AND TIME OF LATEST TRANSACTION
control field 20191213132033.0
010 ## - LCCN (DPL NO)
LC control number ENG-127127
020 ## - INTERNATIONAL STANDARD BOOK NUMBER
Terms of availability 550.00
International Standard Book Number 9789388881159
035 ## - SYSTEM CONTROL NUMBER
System control number EN-110659
037 ## - SOURCE OF ACQUISITION
Source of stock number/acquisition DBAD/PUB
082 ## - DEWEY DECIMAL CLASSIFICATION NUMBER
Classification number 305
100 ## - MAIN ENTRY--PERSONAL NAME
Personal name Borah, Rinku
245 ## - TITLE STATEMENT
Title Gender & Society /
Statement of responsibility, etc by Rinku Borah
260 ## - PUBLICATION, DISTRIBUTION, ETC. (IMPRINT)
Place of publication, distribution, etc Assam
Name of publisher, distributor, etc EBH Publishers (an imprint of Eastern book House )
Date of publication, distribution, etc 2019
270 ## - ADDRESS
Address 136, M.L.Nehru Road, Panbazar
City Guwahati
Postal code 781001
Telephone number 2513876
Electronic mail address easternbookhouse.in
300 ## - PHYSICAL DESCRIPTION
Extent viii;84p.
Dimensions 24cm(Hb)
500 ## - GENERAL NOTE
General note Includes index
942 ## - ADDED ENTRY ELEMENTS (KOHA)
Source of classification or shelving scheme Dewey Decimal Classification
Item type English Books
Classification part 305
Call number suffix BOR
Holdings
Withdrawn status Lost status Not for loan Collection code Home library Current library Date acquired Source of acquisition Cost, normal purchase price Full call number Barcode Copy number Cost, replacement price Koha item type
      Non-fiction Shahdara Branch Shahdara Branch 13/12/2019 DBAD/PUB 550.00 305 BOR EN-110659 1 550.00 English Books

© Delhi Public Library
Hit Counter
free hit counter